| 000 | 01023nam a22002417a 4500 | ||
|---|---|---|---|
| 005 | 20250613153638.0 | ||
| 008 | 250613b |||||||| |||| 00| 0 eng d | ||
| 020 | _a978-93-85981-42-5 (hbk) | ||
| 037 | _cTB | ||
| 040 |
_aCRL _cCRL |
||
| 041 |
_2hin _ahin _hsan |
||
| 084 |
_aO16=5,1D63:g 152Q7 _qCRL |
||
| 100 |
_aकुमार, संजय _9812858 |
||
| 245 | _aदण्डिसूक्तिरत्नम् | ||
| 260 |
_aनई दिल्ली, भारत: _bसत्यम् पब्लिशिंग हाउस, _c2017. |
||
| 300 | _a112पृ. | ||
| 365 |
_b400.00 _cINR |
||
| 546 | _aTranslated from Sanskrit to Hindi | ||
| 650 | _aसंस्कृत साहित्य | ||
| 650 | _aसंस्कृत कविता | ||
| 942 |
_2CC _cTB _hO15,1D63:g 152Q7 _n0 |
||
| 999 |
_c1431724 _d1431724 |
||